| 000 | 00520nam a22001217a 4500 | ||
|---|---|---|---|
| 999 |
_c21415 _d21415 |
||
| 008 | 240910b ||||| |||| 00| 0 eng d | ||
| 100 |
_aEnoc-Jovero, Janice. _eauthor. _960457 |
||
| 245 |
_aReflection on the child protection law (RA 7610) towards pupils, teachers, and quality of education / _cJanice Enoc-Jovero. |
||
| 260 |
_aPhilippines; _bPublishers Association of the Philippines, Inc., _cSeptember 2019. |
||
| 300 | _aVolume 168, pages 123-124. | ||
| 700 |
_aEnoc-Jovero, Janice. _eauthor. _960457 |
||
| 942 |
_2ddc _cPER |
||